BIBLIOTECA

SENCICO

Organización de obras / (Registro nro. 1674)

Detalles MARC
000 -LEADER
fixed length control field 01079nam a2200253Ia 4500
003 - CONTROL NUMBER IDENTIFIER
control field OSt
005 - DATE AND TIME OF LATEST TRANSACTION
control field 20260324205700.0
008 - FIXED-LENGTH DATA ELEMENTS--GENERAL INFORMATION
fixed length control field 200515s9999 xx 000 0 und d
040 ## - CATALOGING SOURCE
Original cataloging agency PE SENCICO BE
Transcribing agency PE SENCICO BE
041 ## - LANGUAGE CODE
Language code of text/sound track or separate title spa
082 ## - DEWEY DECIMAL CLASSIFICATION NUMBER
Classification number 692.5
Item number G26 1980
100 1# - MAIN ENTRY--PERSONAL NAME
Personal name García Ruiz, Gonzalo
9 (RLIN) 621
Relator term autor
245 10 - TITLE STATEMENT
Title Organización de obras /
Statement of responsibility, etc. Gonzalo García Ruiz
250 ## - EDITION STATEMENT
Edition statement 14a ed.
260 ## - PUBLICATION, DISTRIBUTION, ETC.
Place of publication, distribution, etc. Barcelona :
Name of publisher, distributor, etc. ediciones CEAC ;
Date of publication, distribution, etc. 1980
300 ## - PHYSICAL DESCRIPTION
Extent 189 páginas :
Other physical details ilustraciones, diagramas ;
Dimensions 21 cm.
490 ## - SERIES STATEMENT
Series statement Monografías CEAC de construcción
505 0# - FORMATTED CONTENTS NOTE
Formatted contents note Organización de una obra -- Desarrollo del plan de obra -- Evaluación de un PO -- Exposición de un caso práctico
520 3# - SUMMARY, ETC.
Summary, etc. Dirigido a todos los técnicos y obreros destacados del ramo que intentan probar su capacidad organizadora iniciándose como empresarios constructores, pero también de gran utilidad para los arquitectos
650 10 - SUBJECT ADDED ENTRY--TOPICAL TERM
Topical term or geographic name entry element Industria de la construcción
9 (RLIN) 355
650 20 - SUBJECT ADDED ENTRY--TOPICAL TERM
Topical term or geographic name entry element Presupuestos de obra
9 (RLIN) 369
650 20 - SUBJECT ADDED ENTRY--TOPICAL TERM
Topical term or geographic name entry element Planificación empresarial
9 (RLIN) 461
942 ## - ADDED ENTRY ELEMENTS (KOHA)
Koha item type Libros
Source of classification or shelving scheme Dewey Decimal Classification
Existencias
Fecha de la última vez que lo usaron Número de ingreso o de inventario Pago total Signatura topográfica completa Código de barras Precio efectivo desde Tipo de documento Estado perdido Sistema de clasificación Estado dañado No es para préstamo Retirado Ubicación permanente Ubicación actual Fecha de adquisición
15/05/2020 1411   692.5/G26/1980 BibLima26032706 15/05/2020 Libros   Dewey Decimal Classification       Biblioteca Central Lima Biblioteca Central Lima 15/05/2020
24/03/2026 1407   692.5/G26/1980/ej. 2 BibLima26032707 24/03/2026 Libros   Dewey Decimal Classification       Biblioteca Central Lima Biblioteca Central Lima 24/03/2026
24/03/2026     692.5/G26/1980 BibZpiur26032708 24/03/2026 Libros   Dewey Decimal Classification       Biblioteca Piura Biblioteca Piura 24/03/2026